• 首页
  • 本馆介绍
  • 公告通知
  • 最新文献
  • 馆藏检索
  • 电子资源
  • 读者导购
  • 参考咨询
  • 我的图书馆
  • 登录
  • 详细信息显示
  • 放入我的书架
  • 预约/预借图书
  • 作者相关作品
  • 分类相关作品
  • 丛书相关作品
  • 出版社相关作品

书目信息

  • 表格格式
  • 工作单格式
  • 卡片格式
题名:
中国的人口与经济发展
    
 
作者: 李仲生 著
分册:  
出版信息: 北京   北京大学出版社  2004
页数: 288页
开本: 23cm
丛书名:
单 册:
中图分类: C924.24
科图分类:
主题词: 人口--关系--经济发展--中国
电子资源:
ISBN: 7-301-07575-8
000 00784nam0 2200229 45
001 002726962
005 20050329140519.9
010    @a7-301-07575-8@dCNY28.00
100    @a20040802d2004 emky0chiy0110 ea
101 0  @achi
102    @aCN@b110000
105    @ay z 000yy
200 1  @a中国的人口与经济发展@Azhong guo de ren kou yu jing ji fa zhan@f李仲生著@FLi Zhong Sheng Zhu
210    @a北京@c北京大学出版社@d2004
215    @a288页@d23cm
300    @a北京市社会科学理论著作出版基金资助
330    @a本书从人类经济学的的角度考察了多重经济结构与就业结构、经济开放与人口流动、经济体制改革与人口控制政策等人口经济问题。
606 0  @a人口@x关系@x经济发展@y中国
690    @aC924.24@v4
701  0 @a李仲生@4著
801  0 @aCN@bNLC@c20041021
905    @f5@b346689-693@dC924.24@e47
    
    中国的人口与经济发展/李仲生著.-北京:北京大学出版社,2004
    288页;23cm
    北京市社会科学理论著作出版基金资助
    
    ISBN 7-301-07575-8:CNY28.00
    本书从人类经济学的的角度考察了多重经济结构与就业结构、经济开放与人口流动、经济体制改革与人口控制政策等人口经济问题。
●
相关链接 在E读中查询图书 在五车中查询图书 在当当中查询图书 在豆瓣中查询图书


正题名:中国的人口与经济发展     索取号:C924.24/47         预约/预借

序号 登录号 条形码 馆藏地/架位号 状态 备注
1 0346689   203466891   第一样本阅览室/ [索取号:C924.24/47] 在馆    
2 0346690   203466908   第一借阅区/ [索取号:C924.24/47] 在馆    
3 0346691   203466917   第一借阅区/ [索取号:C924.24/47] 在馆    
4 0346692   203466926   第一借阅区/ [索取号:C924.24/47] 在馆    
5 0346693   203466935   第一借阅区/ [索取号:C924.24/47] 在馆    
唐山师范学院图书馆 欢迎您!
大连网信软件有限公司© 版权所有